000 00536nam a22001697a 4500
005 20240118073139.0
008 240118b |||||||| |||| 00| 0 eng d
020 _a0409003301 ; 0409003387
041 _aEnglish
082 _a349 JOU
100 _aJoubert, WA
_lEnglish
245 _aThe Law of South Africa : Companies /
_cWA Joubert
260 _aDurban :
_bButterworth and Company (Pty) Ltd,
_c1982
300 _bvii, 628 pages ;
_c26 cm.
650 _aLegal practice
_bLaw
942 _cBK
_6ALISON_BN_VRIES
999 _c1237
_d1237